01016 a2200229 4500003000500000005001700005040000900022082001200031100003400043245012000077260003100197300001500228505014500243538002900388650001400417651001200431942000800443999001900451952010600470952010500576952010500681Nust20170207153544.0 cNust a621.382 aKhosa, Ikramullah (MSEE-12) aPerformance analysis of a channel access protocol for mac layer in wireless local area networkcIkramullah Khosa  bMCS,NUSTc2010aRawalpindi axi,47 ,p.; aIntroduction (page-1) Literature review (page-7) Implementation and simulation (page-21) Results and analysis (page-32) Conclusion (page-44) aAlmirah No 69 Shelf No 2 aMS Thesis aMSEE-12 cTHS c188566d188566 00102ddc40708NFICaMCSbMCSd2016-12-12l0o621.382 KHOpMCSTEE-168r2016-12-08w2016-12-12yBK 00102ddc40708NFICaMCSbMCSd2016-12-12l0o621.382 KHOpMCSTEE-76r2016-12-08w2016-12-12yBK 00102ddc40708NFICaMCSbMCSd2016-12-12l0o621.382 KHOpMCSTEE-91r2016-12-08w2016-12-12yBK